| 000 | 00611cam a2200181 a 4500 | ||
|---|---|---|---|
| 005 | 20151202143535.0 | ||
| 008 | 021118s1905 sp 000 0 spa u | ||
| 050 | 0 | 4 |
_aCT182 _bA98 1905 |
| 245 | 0 | 0 |
_aAutobiografías y memorias / _ccoleccionadas e ilustradas por M. Serrano y Sanz. |
| 250 | _a1a ed. | ||
| 260 |
_aMadrid : _bLibreria Editorial de Baylly Bailliere e Hijos, _c1905. |
||
| 300 |
_aclxvi, 545 p. ; _c26 cm. |
||
| 490 | _aNueva biblioteca de autores españoles | ||
| 504 | _aIncluye índice | ||
| 651 | 7 |
_2LEMB _aEspaña _xBiografías |
|
| 700 | 1 |
_aSerrano y Sanz, M., _ecomp. |
|
| 942 |
_2lcc _cLIB |
||
| 999 |
_c55081 _d55081 |
||